Horticulture in Aichi 1994
Uloženo v:
| Médium: | Kniha |
|---|---|
| Jazyk: | Undetermined |
| Vydáno: |
Japan
1994
|
| Témata: | |
| Tagy: |
Přidat tag
Žádné tagy, Buďte první, kdo otaguje tento záznam!
|
| Thư viện lưu trữ: | Trung tâm Học liệu Trường Đại học Cần Thơ |
|---|
| LEADER | 00371nam a2200145Ia 4500 | ||
|---|---|---|---|
| 001 | CTU_38772 | ||
| 008 | 210402s9999 xx 000 0 und d | ||
| 082 | |a 634 | ||
| 082 | |b H821 | ||
| 245 | 0 | |a Horticulture in Aichi 1994 | |
| 260 | |a Japan | ||
| 260 | |c 1994 | ||
| 650 | |a horticulture | ||
| 904 | |i Liên, 990910 | ||
| 980 | |a Trung tâm Học liệu Trường Đại học Cần Thơ | ||